书目信息 |
| 题名: |
一起来玩跷跷板
|
|
| 作者: | 希普顿著 , 赫德森 绘 | |
| 分册: | 1 一级 | |
| 出版信息: | 北京 外语教学与研究出版社 2015.04 |
|
| 页数: | 15页 | |
| 开本: | 20cm | |
| 丛书名: | ||
| 单 册: | ||
| 中图分类: | H319.4 | |
| 科图分类: | ||
| 主题词: | 英语 | |
| 电子资源: | ||
| ISBN: | 978-7-5135-5605-7 | |
| 000 | 00837nam0 2200253 450 | |
| 001 | 2633254728 | |
| 005 | 20260624102824.44 | |
| 010 | @a978-7-5135-5605-7 | |
| 100 | @a20260624d2015 km y0chiy0120 ea | |
| 101 | 0 | @achi |
| 102 | @aCN@b110000 | |
| 200 | 1 | @a一起来玩跷跷板@AYi Qi Lai Wan Qiao Qiao Ban@e大猎英语分级阅读@h1@i一级@f(英)希普顿著,(英)赫德森绘@F(Ying)Xi Pu Dun Zhu,(Ying)He De Sen Hui |
| 210 | @a北京@c外语教学与研究出版社@d2015.04 | |
| 215 | @a15页@d20cm | |
| 300 | @a适合小学一、地年级 | |
| 503 | @n河南城建学院图书馆 | |
| 517 | 1 | @a大猎英语分级阅读@ADa Lie Ying Yu Fen Ji Yue Du |
| 517 | 1 | @a一级@AYi Ji |
| 606 | 0 | @a英语 |
| 690 | @aH319.4@v4 | |
| 701 | 0 | @a希普顿著@AXi Pu Dun Zhu@4绘 |
| 701 | 0 | @a赫德森@AHe De Sen@4绘 |
| 801 | 0 | @aCN@b大连网信软件有限公司图书馆·11@c20260624 |
| 905 | @aZUCC@dH319.4@eX124:1:1 | |
| 一起来玩跷跷板:大猎英语分级阅读.1.一级/(英)希普顿著,(英)赫德森绘.-北京:外语教学与研究出版社,2015.04 |
| 15页;20cm |
| 适合小学一、地年级 |
| ISBN 978-7-5135-5605-7: |
| ● |
| 相关链接 |
|
|
|
正题名:一起来玩跷跷板
索取号:H319.4/X124:1:1
 
预约/预借
| 序号 | 登录号 | 条形码 | 馆藏地/架位号 | 状态 | 备注 |
| 1 | 1557129 | 215571290 | 外国语学院资料室/ [索取号:H319.4/X124:1:1] | 在馆 |